000 01055cam a22003137a 4500
003 CHAP
005 20220329133738.0
008 971013s1919 enk r 00010 eng d
010 _a10259
011 _a11231
035 _a10469
040 _cCHAP
082 0 4 _a634.072
_bE3
100 0 0 _aEast Malling Research Station. Maidstone, Kent.
_934996
245 1 0 _aAbstracts and index to the annual research reports
260 _aLondon :
_bHeadley,
_c19 -19
300 _av.
500 _aLa biblioteca tiene: 1913-1953; 1954-1961
590 _aBATCH-UPD
_b10
_c20130110
_lUCH01
_h1907
590 _aBATCH-UPD
_b10
_c20130410
_lUCH01
_h1235
590 _aBATCH-UPD
_b10
_c20130914
_lUCH01
_h1447
590 _aCONVERSION
_b10
_c20130109
_lUCH01
_h1307
650 1 4 _aFruticultura
_xInvestigación.
_943728
650 1 4 _aFruticultura
_xSumarios.
_943750
901 _aBK
942 _cLIBRO
949 _a634.072 E3
_bBC
_cLIBRO
_d33724000203527
_eLIBRO
_f1913-53
_h33698
_i10469
_si
949 _a634.072 E3
_bBC
_cLIBRO
_d33724002204652
_eLIBRO
_f1954-61
_h33697
_i10469
_si
999 _c10259
_d10259